[Event "Athens Iraklion op 20th"]
[Site "Athens"]
[Date "2017.06.24"]
[Round "8"]
[White "Ergazakis, Ioannis"]
[Black "Galanos, Dimitrios"]
[Result "1-0"]
[WhiteElo "2150"]
[BlackElo "1996"]
[PlyCount "83"]
[EventDate "2017.06.17"]
[EventType "swiss"]
[EventRounds "9"]
[EventCountry "GRE"]
[SourceTitle "CBM 179 Extra"]
[Source "ChessBase"]
[SourceDate "2017.08.23"]
[SourceVersion "1"]
[SourceVersionDate "2017.08.23"]
[SourceQuality "1"]

1. e4 e5 2. Nf3 Nc6 3. Bb5 Nge7 4. c3 g6 5. d4 exd4 6. cxd4 Bg7 7. Nc3 a6 8. Ba4 b5 9. Bb3 0-0 10. a3 d6 11. h3 Na5 12. Ba2 c5 13. dxc5 dxc5 14. Qxd8 Rxd8 15. Bg5 Re8 16. 0-0 Bb7 17. Rfe1 c4 18. Rad1 h6 19. Bh4 g5 20. Bg3 f5 21. Be5 fxe4 22. Bxg7 Nf5 23. Nxg5 hxg5 24. Bf6 Nb3 25. Bxb3 cxb3 26. Bxg5 Re6 27. h4 Nd6 28. Ne2 Nf7 29. Bf4 Rc8 30. Nd4 Rf6 31. g3 Rxf4 32. gxf4 Nd6 33. Re3 Kh8 34. Rg3 e3 35. fxe3 Ne4 36. Rg6 Kh7 37. h5 Bd5 38. Nf3 Bc6 39. Ng5+ Kh8 40. Rxc6 Rxc6 41. Nxe4 Rc2 42. h6 1-0

[Event "Athens Herakleiou op 18th"]
[Site "Athens"]
[Date "2015.06.19"]
[Round "7.3"]
[White "Mitrandzas, Athanasios"]
[Black "Galanos, Dimitrios"]
[Result "1-0"]
[WhiteElo "2080"]
[BlackElo "2049"]
[PlyCount "101"]
[EventDate "2015.06.13"]
[EventType "swiss"]
[EventRounds "9"]
[EventCountry "GRE"]
[SourceTitle "EXT 2024"]
[Source "ChessBase"]
[SourceDate "2023.10.10"]
[SourceVersion "1"]
[SourceVersionDate "2023.10.10"]
[SourceQuality "1"]

1. c4 e5 2. g3 c6 3. d4 exd4 4. Qxd4 d5 5. cxd5 cxd5 6. Bg2 Be6 7. Nf3 Nc6 8. Qa4 Nf6 9. 0-0 Bc5 10. Ne5 0-0 11. Nxc6 bxc6 12. Bg5 h6 13. Bxf6 Qxf6 14. Nc3 Rfc8 15. Rac1 Qe5 16. e3 Rab8 17. Qc2 Bf5 18. Qd2 Rb4 19. b3 Rb7 20. h3 Ba3 21. Rcd1 Bb4 22. Rc1 Qe6 23. g4 Bg6 24. Qd4 Ba3 25. Rcd1 h5 26. e4 dxe4 27. Nxe4 hxg4 28. hxg4 Bxe4 29. Qxe4 Qh6 30. Qf5 Rf8 31. g5 Qh4 32. Bxc6 Rb4 33. f4 Bb2 34. Bd5 Qg3+ 35. Kh1 Rd4 36. Rxd4 Bxd4 37. g6 Rd8 38. Bxf7+ Kf8 39. Bd5+ Bf6 40. Qe6 Qxg6 41. Qg8+ Ke7 42. Re1+ Kd6 43. Qe6+ Kc5 44. Qc6+ Kb4 45. Qc4+ Ka3 46. Qc1+ Bb2 47. Qc5+ Kxa2 48. b4+ Rxd5 49. Qxd5+ Ka3 50. Re3+ Kxb4 51. Rb3+ 1-0

[Event "Anogia op 3rd"]
[Site "Anogia"]
[Date "2014.08.03"]
[Round "6"]
[White "Sgouros, Nikolaos"]
[Black "Galanos, Dimitrios"]
[Result "0-1"]
[WhiteElo "1864"]
[BlackElo "2124"]
[PlyCount "100"]
[EventDate "2014.07.30"]
[EventType "swiss"]
[EventRounds "9"]
[EventCountry "GRE"]
[SourceTitle "CBM 161 Extra"]
[Source "ChessBase"]
[SourceDate "2014.08.29"]
[SourceVersion "1"]
[SourceVersionDate "2014.08.29"]
[SourceQuality "1"]

1. e4 e5 2. Nf3 Nc6 3. Bc4 Nf6 4. d3 Bc5 5. 0-0 0-0 6. Nc3 d6 7. h3 Ne7 8. Be3 Bb6 9. Bxb6 axb6 10. d4 exd4 11. Nxd4 c6 12. Re1 b5 13. Bb3 b4 14. Nb1 Qb6 15. Nf3 Qc7 16. c3 d5 17. exd5 Nexd5 18. cxb4 Nxb4 19. a3 Bf5 20. Ne5 Ra5 21. Qd2 Rxe5 22. Qxb4 Rb5 23. Qa4 Ne4 24. Nc3 Ra5 25. Qd4 Rd8 26. Rxe4 Bxe4 27. Qxe4 Re5 28. Qf3 Rde8 29. g3 R8e7 30. Rd1 g6 31. Qd3 Kg7 32. Qd4 c5 33. Qc4 Qc6 34. Qf1 Qf3 35. Qg2 Qh5 36. Kh2 b5 37. Rd5 b4 38. axb4 cxb4 39. Rxe5 Qxe5 40. Nd5 Ra7 41. Nxb4 Qxb2 42. Nc6 Ra3 43. Bd5 Rd3 44. g4 Qd2 45. Qf1 Rxd5 46. Qa1+ f6 47. Qa7+ Rd7 48. Qc5 Qf4+ 49. Kg1 Qf3 50. Nd8 Rd1+ 0-1

[Event "Athens Kaisariani op 1st"]
[Site "Athens"]
[Date "2013.12.23"]
[Round "4"]
[White "Nikolaou, Georgios"]
[Black "Galanos, Dimitrios"]
[Result "1-0"]
[WhiteElo "2278"]
[BlackElo "2083"]
[PlyCount "65"]
[EventDate "2013.12.21"]
[EventType "swiss"]
[EventRounds "9"]
[EventCountry "GRE"]
[SourceTitle "EXT 2015"]
[Source "ChessBase"]
[SourceDate "2014.11.20"]
[SourceVersion "1"]
[SourceVersionDate "2014.11.20"]
[SourceQuality "1"]

1. Nf3 Nf6 2. c4 g6 3. g3 Bg7 4. Bg2 d6 5. d4 0-0 6. 0-0 Nc6 7. d5 Na5 8. Qa4 c5 9. Bd2 b6 10. Bc3 Bd7 11. Qc2 b5 12. cxb5 Bxb5 13. Rd1 Nc4 14. e4 Nb6 15. Na3 Bd7 16. h3 Qc8 17. Kh2 Qa6 18. Nd2 Rfc8 19. Bf1 c4 20. Re1 e6 21. dxe6 Bxe6 22. Kg1 d5 23. Rad1 Re8 24. exd5 Bxd5 25. Bxf6 Bxf6 26. Ndxc4 Rxe1 27. Rxe1 Rc8 28. Nxb6 Rxc2 29. Bxa6 Rc6 30. Nxd5 Rxa6 31. Nxf6+ Rxf6 32. Nc4 Ra6 33. a3 1-0

[Event "Heraklio op 16th"]
[Site "Athens"]
[Date "2013.06.17"]
[Round "2"]
[White "Galanos, Dimitrios"]
[Black "Kostouros, Alexandros"]
[Result "0-1"]
[WhiteElo "2056"]
[BlackElo "2122"]
[PlyCount "104"]
[EventDate "2013.06.16"]
[EventType "swiss"]
[EventRounds "9"]
[EventCountry "GRE"]
[SourceTitle "CBM 155 Extra"]
[Source "ChessBase"]
[SourceDate "2013.08.26"]
[SourceVersion "1"]
[SourceVersionDate "2013.08.26"]
[SourceQuality "1"]

1. d4 d5 2. c4 c6 3. Nf3 Nf6 4. Nc3 Bf5 5. Nh4 Bd7 6. Qb3 Qb6 7. Qxb6 axb6 8. cxd5 Nxd5 9. Bd2 Nb4 10. Rc1 Nxa2 11. Ra1 Be6 12. e4 Bb3 13. Bd3 Ra5 14. Nd5 cxd5 15. Bxa5 bxa5 16. Bb1 Nb4 17. Rxa5 N8c6 18. Ra8+ Kd7 19. 0-0 g6 20. Nf3 Bg7 21. Ra3 Bc4 22. Rd1 dxe4 23. Bxe4 Be2 24. Rd2 Bxf3 25. Bxf3 Bxd4 26. Rb3 Kc7 27. Rxb4 Bxf2+ 28. Kxf2 Nxb4 29. Bxb7 Kxb7 30. Rd7+ Kc6 31. Rxe7 Rf8 32. Kf3 Nd3 33. b3 Rg8 34. Ke4 Nc5+ 35. Ke5 Nd7+ 36. Kf4 Rf8 37. Kg5 Kd6 38. Re3 h5 39. Rd3+ Ke6 40. Re3+ Ne5 41. h3 Rh8 42. b4 f6+ 43. Kh4 g5+ 44. Kg3 h4+ 45. Kh2 Rb8 46. Rb3 Nc6 47. Re3+ Kf5 48. Rf3+ Kg6 49. g3 Rxb4 50. gxh4 Rxh4 51. Rc3 Nd4 52. Kg2 Ne2 0-1

[Event "Athens Smaok-ch"]
[Site "Greece"]
[Date "2012.09.23"]
[Round "2.2"]
[White "Nikolaidis, Georgios"]
[Black "Galanos, Dimitrios"]
[Result "1/2-1/2"]
[WhiteElo "1847"]
[BlackElo "2071"]
[PlyCount "83"]
[EventDate "2012.09.16"]
[EventType "swiss"]
[EventRounds "7"]
[EventCountry "GRE"]
[SourceTitle "EXT 2024"]
[Source "ChessBase"]
[SourceDate "2023.10.10"]
[SourceVersion "1"]
[SourceVersionDate "2023.10.10"]
[SourceQuality "1"]

1. e4 c5 2. Nf3 e6 3. Nc3 a6 4. a4 d6 5. g3 Nc6 6. Bg2 Nge7 7. 0-0 g6 8. d3 Bg7 9. Bg5 Rb8 10. Qd2 b5 11. axb5 axb5 12. Bh6 0-0 13. Bxg7 Kxg7 14. d4 Qb6 15. Rfd1 Nb4 16. Ne2 Bb7 17. c3 Na6 18. e5 Rbd8 19. Qg5 f6 20. exf6+ Rxf6 21. Nf4 Bxf3 22. Bxf3 Kf7 23. Qh6 Kg8 24. Bg4 Nc7 25. Re1 d5 26. dxc5 Qxc5 27. Bxe6+ Nxe6 28. Rxe6 Rf7 29. Rae1 Rdf8 30. R6e2 Nf5 31. Qg5 Qa7 32. Nxd5 Qc5 33. Ne3 Qb6 34. Nxf5 Rxf5 35. Qe3 Qb8 36. Qe6+ Kh8 37. Rd1 Qa7 38. Rdd2 Qa1+ 39. Kg2 Qa8+ 40. Kg1 Qa1+ 41. Kg2 Qa8+ 42. Kg1 1/2-1/2

[Event "Isthmia op-A 2nd"]
[Site "Korinthos"]
[Date "2012.08.21"]
[Round "5"]
[White "Galanos, Dimitrios"]
[Black "Gogolis, Alexandros"]
[Result "0-1"]
[WhiteElo "2044"]
[BlackElo "2267"]
[PlyCount "69"]
[EventDate "2012.08.18"]
[EventType "swiss"]
[EventRounds "9"]
[EventCountry "GRE"]
[SourceTitle "CBM 150 Extra"]
[Source "ChessBase"]
[SourceDate "2012.10.19"]
[SourceVersion "1"]
[SourceVersionDate "2012.10.19"]
[SourceQuality "1"]

1. d4 c6 2. e4 d5 3. exd5 cxd5 4. c4 Nf6 5. Nc3 e6 6. Nf3 Bb4 7. cxd5 Nxd5 8. Bd2 Nc6 9. Bd3 Be7 10. a3 Bf6 11. 0-0 0-0 12. h4 Nxd4 13. Ng5 h6 14. Nh7 Re8 15. Nxd5 exd5 16. Nxf6+ Qxf6 17. Bc3 Kh8 18. Qa4 Re4 19. Rae1 Nf3+ 20. gxf3 Qg6+ 21. Kh1 Bh3 22. Rg1 Rxa4 23. Bxg6 Rxh4 24. Kh2 Bf5+ 25. Kg3 Rh3+ 26. Kg2 fxg6 27. Re7 Rg8 28. Rge1 Rh4 29. Kg3 Rc4 30. Rxb7 d4 31. Bd2 g5 32. Rxa7 Rc2 33. Bc1 Rgc8 34. Re5 Bh7 35. Bd2 0-1

[Event "Athens op 03-A"]
[Site "Athens"]
[Date "2012.04.21"]
[Round "7"]
[White "Papasimakopoulos, Alexandros"]
[Black "Galanos, Dimitrios"]
[Result "0-1"]
[WhiteElo "2019"]
[BlackElo "1957"]
[PlyCount "124"]
[EventDate "2012.03.06"]
[EventType "swiss"]
[EventRounds "7"]
[EventCountry "GRE"]
[SourceTitle "EXT 2014"]
[Source "ChessBase"]
[SourceDate "2013.11.20"]
[SourceVersion "1"]
[SourceVersionDate "2013.11.20"]
[SourceQuality "1"]

1. d4 d5 2. c4 c6 3. Nf3 Nf6 4. Nc3 dxc4 5. a4 Bf5 6. Ne5 e6 7. f3 Nbd7 8. Nxc4 Bb4 9. e4 Bg6 10. Be2 0-0 11. 0-0 c5 12. Be3 Qe7 13. Na2 cxd4 14. Bxd4 Bc5 15. b4 Bxd4+ 16. Qxd4 Rfd8 17. Qd6 Kf8 18. a5 b5 19. axb6 Nxb6 20. Qxe7+ Kxe7 21. Na5 Kf8 22. Rfd1 Rac8 23. Rxd8+ Rxd8 24. Nc6 Rd2 25. Bf1 Nc8 26. Ba6 Rc2 27. b5 Nb6 28. Nab4 Rb2 29. Nd3 Rd2 30. Nf2 Nfd7 31. Nxa7 f5 32. Rc1 fxe4 33. fxe4 Ne5 34. h3 Rxf2 35. Nc8 Nbd7 36. Kxf2 Nd3+ 37. Ke3 Nxc1 38. b6 e5 39. b7 Nb3 40. Nb6 Nb8 41. Bc4 Nc5 42. Bd5 Bf7 43. Nc4 Bxd5 44. exd5 Nxb7 45. Nxe5 Ke7 46. Kd4 Nd7 47. Nc6+ Kd6 48. Na7 Nf6 49. Nc8+ Kd7 50. Nb6+ Kc7 51. Nc4 Nd7 52. Nd2 Nd6 53. Nf3 h6 54. g4 Nf7 55. h4 g6 56. h5 g5 57. Ke4 Nd6+ 58. Kd4 Kd8 59. Nh2 Nf6 60. Kc5 Ke7 61. Kc6 Nf7 62. Kc7 Nxd5+ 0-1

[Event "Athens op 03-A"]
[Site "Athens"]
[Date "2012.03.13"]
[Round "2"]
[White "Anastasopoulos, Spyros"]
[Black "Galanos, Dimitrios"]
[Result "1-0"]
[WhiteElo "2203"]
[BlackElo "1957"]
[PlyCount "79"]
[EventDate "2012.03.06"]
[EventType "swiss"]
[EventRounds "7"]
[EventCountry "GRE"]
[SourceTitle "EXT 2014"]
[Source "ChessBase"]
[SourceDate "2013.11.20"]
[SourceVersion "1"]
[SourceVersionDate "2013.11.20"]
[SourceQuality "1"]

1. d4 Nf6 2. c4 g6 3. Nc3 Bg7 4. e4 d6 5. Nf3 0-0 6. Be2 Na6 7. 0-0 e5 8. d5 Nc5 9. Qc2 a5 10. Bg5 h6 11. Bh4 g5 12. Bg3 Nh5 13. Ne1 Nf4 14. Nd3 b6 15. Rfe1 f5 16. Nxc5 bxc5 17. Bxf4 exf4 18. exf5 Bxf5 19. Bd3 Bxd3 20. Qxd3 f3 21. g3 Rb8 22. Nb5 Qd7 23. Re6 Qf7 24. Rae1 Qh5 25. a4 g4 26. b3 Rf5 27. h4 gxh3 28. Kh2 Be5 29. Qd2 Qg5 30. Qxg5+ hxg5 31. Kxh3 Rf7 32. Rg6+ Kh8 33. Rxg5 Rh7+ 34. Kg4 Rf8 35. Re3 Rh2 36. Rxf3 Rxf2 37. Rxf8+ Rxf8 38. Nxc7 Rf7 39. Ne6 Rb7 40. Nxc5 1-0

[Event "Athens Smaok op 10th"]
[Site "Athens"]
[Date "2011.03.29"]
[Round "3"]
[White "Galanos, Dimitrios"]
[Black "Papadimitriou, Loukas"]
[Result "0-1"]
[WhiteElo "2012"]
[BlackElo "2114"]
[PlyCount "120"]
[EventDate "2011.03.15"]
[EventType "swiss"]
[EventRounds "7"]
[EventCountry "GRE"]
[SourceTitle "EXT 2024"]
[Source "ChessBase"]
[SourceDate "2023.10.10"]
[SourceVersion "1"]
[SourceVersionDate "2023.10.10"]
[SourceQuality "1"]

1. d4 Nf6 2. Nf3 d5 3. c4 c6 4. Nc3 e6 5. Bg5 h6 6. Bh4 dxc4 7. e4 g5 8. Bg3 Bb4 9. Be5 Nbd7 10. Nd2 b5 11. Bg3 Bb7 12. a3 Be7 13. Be2 Qb6 14. e5 Nd5 15. Nde4 c5 16. dxc5 Nxc5 17. Nxc5 Bxc5 18. Ne4 0-0-0 19. Qc2 Kb8 20. b4 Be7 21. 0-0 h5 22. h3 Qc6 23. Bf3 g4 24. hxg4 hxg4 25. Bxg4 Nc3 26. f3 Nxe4 27. Qxe4 Qxe4 28. fxe4 Rh7 29. Bf3 Bg5 30. Rfd1 Be3+ 31. Bf2 Bxf2+ 32. Kxf2 Rhh8 33. Ke3 Kc7 34. a4 Rxd1 35. Rxd1 bxa4 36. Rc1 Ba6 37. Be2 Kb6 38. Kd4 Rd8+ 39. Kc3 Bb5 40. Rf1 Rd7 41. g4 a5 42. bxa5+ Kxa5 43. g5 Kb6 44. Rb1 Kc5 45. Rb4 Rc7 46. Bf1 a3 47. Rb1 Ra7 48. Ra1 a2 49. Be2 Ra3+ 50. Kb2 Kb4 51. Bh5 c3+ 52. Kc2 Ba4+ 53. Kc1 Be8 54. Bg4 Ra6 55. Bh3 Kc5 56. Kc2 Kd4 57. Bg2 Ba4+ 58. Kc1 Bb3 59. Bf1 Ra8 60. Bg2 Rh8 0-1

[Event "Athens Smaok op"]
[Site "Athens"]
[Date "2010.11.15"]
[Round "6.1"]
[White "Kokolias, Konstantinos"]
[Black "Galanos, Dimitrios"]
[Result "1-0"]
[WhiteElo "2213"]
[BlackElo "2096"]
[PlyCount "85"]
[EventDate "2010.09.30"]
[EventType "swiss"]
[EventRounds "7"]
[EventCountry "GRE"]
[SourceTitle "EXT 2024"]
[Source "ChessBase"]
[SourceDate "2023.10.10"]
[SourceVersion "1"]
[SourceVersionDate "2023.10.10"]
[SourceQuality "1"]

1. e4 c5 2. Nc3 Nc6 3. g3 g6 4. Bg2 Bg7 5. d3 d6 6. f4 e6 7. Nf3 Nge7 8. 0-0 0-0 9. Bd2 Rb8 10. Rb1 b5 11. a3 b4 12. axb4 cxb4 13. Na4 Ba6 14. Kh1 Qd7 15. Be3 Rfc8 16. Rf2 Bb5 17. c4 bxc3 18. Nxc3 Ba6 19. Bf1 Rb4 20. Na2 Rb7 21. Qa4 Bb5 22. Qa3 d5 23. Nc3 d4 24. Nxb5 Rxb5 25. Bd2 Qb7 26. Be1 Rb8 27. Rc2 Bf8 28. Qa4 Nb4 29. Rc4 Nec6 30. Nxd4 Nxd4 31. Rxd4 e5 32. Rc4 Nc6 33. Bc3 Bb4 34. Rxc6 Qxc6 35. Bxb4 exf4 36. Bc3 fxg3 37. Qd4 Kf8 38. hxg3 Rh5+ 39. Kg2 Qb6 40. Qg7+ Ke7 41. Ra1 a5 42. Be2 Rg5 43. Rf1 1-0

[Event "Nikaia op 18th"]
[Site "Nikaia"]
[Date "2010.08.24"]
[Round "6"]
[White "Galanos, Dimitrios"]
[Black "Michelakos, Panagiotis"]
[Result "0-1"]
[WhiteElo "2158"]
[BlackElo "1996"]
[PlyCount "58"]
[EventDate "2010.08.20"]
[EventType "swiss"]
[EventRounds "9"]
[EventCountry "GRE"]
[SourceTitle "CBM 138 Extra"]
[Source "ChessBase"]
[SourceDate "2010.10.29"]
[SourceVersion "1"]
[SourceVersionDate "2010.10.29"]
[SourceQuality "1"]

1. e4 e5 2. Nf3 Nc6 3. d4 exd4 4. Nxd4 Bb4+ 5. Nc3 Nf6 6. Nxc6 bxc6 7. Bd3 h6 8. 0-0 d6 9. Na4 Ba5 10. c4 Qe7 11. a3 c5 12. e5 Qxe5 13. b4 Qxa1 14. Qf3 Rb8 15. Re1+ Kd8 16. bxa5 Re8 17. Rf1 Qd4 18. h3 Bd7 19. Bb2 Rxb2 20. Nxb2 Qxb2 21. Qa8+ Ke7 22. Qxa7 Qb8 23. Re1+ Be6 24. Qa6 Qa8 25. Qb5 Rb8 26. Qa4 Kf8 27. a6 Rb6 28. a7 Rb7 29. Rb1 Qxa7 0-1

[Event "Negroponte op"]
[Site "Chalkis"]
[Date "2010.08.15"]
[Round "7"]
[White "Galanos, Dimitrios"]
[Black "Gerzhoy, Leonid"]
[Result "0-1"]
[WhiteElo "2158"]
[BlackElo "2471"]
[PlyCount "82"]
[EventDate "2010.08.09"]
[EventType "swiss"]
[EventRounds "9"]
[EventCountry "GRE"]
[SourceTitle "CBM 137 Extra"]
[Source "ChessBase"]
[SourceDate "2010.09.01"]
[SourceVersion "1"]
[SourceVersionDate "2010.09.01"]
[SourceQuality "1"]

1. e4 c5 2. Nf3 d6 3. d4 cxd4 4. Nxd4 Nf6 5. Nc3 a6 6. Bg5 e6 7. f4 Qb6 8. Qd2 Qxb2 9. Nb3 Qa3 10. Bxf6 gxf6 11. Be2 Nc6 12. 0-0 Bd7 13. Kh1 h5 14. Rf3 Rc8 15. Rd1 Qb4 16. Rh3 h4 17. Qe3 Nd8 18. a3 Qxa3 19. Nd5 exd5 20. exd5+ Be7 21. Re1 Rc7 22. f5 Bxf5 23. Qb6 Bxh3 24. Qxc7 Be6 25. dxe6 fxe6 26. Bd3 h3 27. Bg6+ Kf8 28. gxh3 Qa4 29. Be4 Qb4 30. Re2 d5 31. Bd3 Rxh3 32. Rd2 Qd6 33. Qc8 Qf4 34. Rg2 Re3 35. Nd2 Re1+ 36. Nf1 Rxf1+ 37. Bxf1 Qxf1+ 38. Rg1 Qc4 39. Qb8 Qxc2 40. Qg3 Qe4+ 41. Rg2 Ke8 0-1

[Event "Athens Smaok 1900+ op 6th"]
[Site "Athens"]
[Date "2010.06.15"]
[Round "6.1"]
[White "Galanos, Dimitrios"]
[Black "Kotrotsos, Vasilios"]
[Result "0-1"]
[WhiteElo "2142"]
[BlackElo "2347"]
[PlyCount "76"]
[EventDate "2010.05.11"]
[EventType "swiss"]
[EventRounds "7"]
[EventCountry "GRE"]
[SourceTitle "EXT 2024"]
[Source "ChessBase"]
[SourceDate "2023.10.10"]
[SourceVersion "1"]
[SourceVersionDate "2023.10.10"]
[SourceQuality "1"]

1. e4 c5 2. Nf3 d6 3. d4 cxd4 4. Nxd4 Nf6 5. Nc3 a6 6. Bg5 e6 7. f4 Be7 8. Qf3 Qc7 9. 0-0-0 Nbd7 10. g4 b5 11. Bxf6 Nxf6 12. g5 Nd7 13. f5 Nc5 14. f6 gxf6 15. gxf6 Bf8 16. Rg1 h5 17. Rg7 b4 18. Nd5 exd5 19. exd5 Nd7 20. Nc6 Bb7 21. Bh3 Bxc6 22. dxc6 Ne5 23. Bd7+ Kd8 24. Re1 Qb6 25. c7+ Kxc7 26. Rxe5 dxe5 27. Rg2 Bh6+ 28. Kb1 Kxd7 29. Qd5+ Qd6 30. Qxf7+ Kc6 31. Rg1 Rad8 32. Qc4+ Kb6 33. a4 Qd4 34. a5+ Kb7 35. Qf7+ Kb8 36. Rf1 Bf4 37. Qe6 Qd6 38. Qf5 b3 0-1

[Event "Attica CupT sf"]
[Site "Athens"]
[Date "2010.05.15"]
[Round "?"]
[White "Galanos, Dimitrios"]
[Black "Gogos, Dimitrios"]
[Result "1-0"]
[WhiteElo "2154"]
[BlackElo "1919"]
[PlyCount "61"]
[EventDate "2010.05.15"]
[EventType "team-match"]
[EventRounds "1"]
[EventCountry "GRE"]
[SourceTitle "CBM 136 Extra"]
[Source "ChessBase"]
[SourceDate "2010.07.02"]
[SourceVersion "2"]
[SourceVersionDate "2010.07.15"]
[SourceQuality "1"]

1. e4 Nc6 2. Nf3 Nf6 3. e5 Nd5 4. d4 d6 5. exd6 Qxd6 6. c4 Nf6 7. c5 Qd8 8. Bb5 Bd7 9. 0-0 e6 10. Re1 Be7 11. Nc3 a6 12. Bc4 0-0 13. a3 Na5 14. Ba2 Bc6 15. b4 Bxf3 16. Qxf3 Nc6 17. Be3 Nxd4 18. Bxd4 Qxd4 19. Rad1 Qg4 20. Qxb7 a5 21. h3 Qh4 22. Qxc7 Bd8 23. Qb7 axb4 24. Qxa8 Nh5 25. axb4 Nf4 26. Qf3 Bc7 27. Nb5 Bb8 28. c6 Rc8 29. c7 Bxc7 30. Nxc7 Rxc7 31. Qa8+ 1-0